Fernão Mendes Pinto (Registo nº 2734)

Detalhes MARC
000 -Etiqueta do registo
Cabeçalho 00875nam a22003251 4500
005 - Identificador da versão
Campo de controlo 20240813121943.0
095 ## -
-- PTBN00688630
010 ## - Número internacional normalizado dos livros (ISBN)
Número (ISBN) 9724106489
021 ## - Número do Depósito Legal
Código do país PT
Número 103186/96
100 ## - Dados gerais de processamento
Dados gerais de processamento 19980302d1996 cd y0pory5003 ba
102 ## - Pais de publicação ou produção
País de publicação Portugal
101 0# - Língua de publicação
Língua do texto, banda sonora, etc. Português
106 ## - Campo de dados codificados: material textual
Dados codificados do material textual r
105 ## - Campo de dados codificados: livros
Dados codificados dos livros a z 001ya
215 ## - Descrição física 
Indicação específica da natureza do documento e extensão da espécie 30 p.
Outras indicações físicas il.
Dimensões 25 cm
200 1# - Titulo e menção de responsabilidade
Título próprio Fernão Mendes Pinto
Primeira menção de responsabilidade A. do Carmo Reis
Outras menções de responsabilidade des. José Garcês
225 2# - Colecção 
Título próprio da colecção História júnior
Indicação de volume 10
205 ## - Menção da edição
Menção da edição 5ª ed
210 ## - Publicação, Distribuição, etc. 
Lugar da edição, distribuição, etc. Porto
Nome do editor, distribuidor, etc. ASA
Data da publicação, distribuição, etc. 1996
606 ## - Nome comum usado como assunto
Número de registo de entrada de autoridade 0001494
Palavra de ordem História
Subdivisão geográfica Portugal
Número de registo de entrada de autoridade 0000564
Palavra de ordem Biografias
675 ## - Classificação Decimal Universal (CDU)
Notação 946.9
Edição
Língua da edição por
Notação 92
Edição
Língua da edição por
702 #1 - Nome de autor-pessoa física (responsabilidade secundária)
Número de registo de entrada de autoridade 0001650
Palavra de ordem Garcês
Outra parte do nome não tomada para palavra de ordem José
Datas 1928-
Código de função Ilustrador / Técnico de desenho computorizado
700 #1 - Nome de autor-pessoa física (responsabilidade principal)
Número de registo de entrada de autoridade 0001561
Palavra de ordem Reis
Outra parte do nome não tomada para palavra de ordem António do Carmo
Datas 1942-
942 ## - Elementos de entrada adicionados (Koha)
Tipo de item no Koha Livro
Exemplares
Situação do levantamento Origin of item (home branch) (coded) Biblioteca de empréstimo Código de barras Cota Circulation type (not for loan) Tipo de documento Nota do exemplar Damaged status
  Biblioteca Escolar da Coca Maravilhas Biblioteca Escolar da Coca Maravilhas BECM3933/98 9PT REI   Livro Sem mensagem